000 01090nam a2200253Ia 4500
001 22044
005 20260422113222.0
008 260320s9999||||xx |||||||||||||| ||und||
020 _a9788491130963
041 _aESP
082 _a614.1
_bV66
100 _aVillanueva Cañadas, Enrique,
_eEDT
245 0 _aGisbert Calabuig. Medicina legal y toxicología
250 _aSeptima edición
260 _aBarcelona :
_bElsevier España,
_c2019
300 _axviii, 1466 páginas :
_btablas ;
_c28 cm.
650 _aTCA
653 _aMedicina legal; Toxicología
654 _aCCS
856 _uhttps://0u216xhg7-y-https-accessmedicina-mhmedical-com.itmsp.museknowledge.com/book.aspx?bookid=1446
_zVéase además: Fundamentos de medicina legal. Versión digital
856 _uhttps://0u216xhg7-y-https-accessmedicina-mhmedical-com.itmsp.museknowledge.com/
_zVéase además: Base de datos McGraw Hill Access Medicina
856 _uhttps://0u23fxhjy-y-https-www-clinicalkey-com.itmsp.museknowledge.com/student/login
_zVéase además: Base de datos ClinicalKey
942 _cLIB
_dJUS
_fMAT
_2ddc
999 _c22044
_d22044